000 00369nam a22001577a 4500
003 macl
005 20231222152514.0
008 231222b |||||||| |||| 00| 0 eng d
040 _cmacl
082 _a510
100 _aअंकित भाटी सर
_982095
245 _aSSC-GD Maths
260 _aUP
_bRojgar Pub.
_c2023
650 _amaths
942 _2ddc
_cHIN
999 _c66437
_d66437